Lali Esposito's discography - Statistics

General Stats
  • This quiz has been taken 5 times
    3 since last reset
  • The average score is 93 of 129
Answer Stats
Album Songs % Correct
Spotify Singles 1Amor
100%
LALI 2 Son 3
100%
NVAACEDL 33
100%
A Bailar A Bailar
100%
A Bailar (Version Bonus) A Bailar - Triplex Mix
100%
LALI Ahora
100%
LALI DELUXE Baum Baum
100%
Brava Besarte Mucho
100%
Soy Boomerang
100%
Single Color Esperanza 2020
100%
LALI Como Tú
100%
LALI Cómprame un Brishito
100%
LALI Disciplina
100%
LALI Diva
100%
Soy Ego
100%
NVAACEDL FANÁTICO
100%
NVAACEDL FÁNATICO (EN VIVO)
100%
NVAACEDL FIN DE TRANSMISIÓN
100%
A Bailar Histeria
100%
LALI Incondicional
100%
LALI KO
100%
NVAACEDL LOKURA
100%
NVAACEDL MEJOR QUE VOS
100%
A Bailar Mil Años Luz
100%
NVAACEDL MORIR DE AMOR
100%
LALI MOTIVEISHON
100%
LALI N5
100%
NVAACEDL NO HAY HÉROES
100%
NVAACEDL NO ME IMPORTA
100%
LALI Obsesión
100%
NVAACEDL PAYASO
100%
NVAACEDL PENDEJA
100%
NVAACEDL PERDEDOR
100%
NVAACEDL PLÁSTICO
100%
NVAACEDL POPSTAR
100%
LALI Quiénes Son?
100%
Soy Reina
100%
NVAACEDL SENSACIONAL ÉXITO
100%
NVAACEDL SEXY
100%
LALI Sola
100%
Soy Soy
100%
BAÑO MARIA SUPERSÓNICO
100%
BAÑO MARIA (En Vivo - Buenos Aires) SUPERSÓNICO - En Vivo - Buenos Aires
100%
Brava Tu Novia
100%
NVAACEDL TU NOVIA II
100%
Spotify Singles Yegua
100%
Hotel Miranda Yo Te Diré
100%
Brava 100 Grados (feat. A.CHAL)
67%
A Bailar (Version Bonus) Amor de Verdad
67%
Soy Amor Es Presente
67%
GORGONA A Oscuras
67%
A Bailar Asesina
67%
Libra Bailo Pa Mí
67%
A Bailar Being
67%
Soy Bomba
67%
Brava Caliente (feat. Pabllo Vittar)
67%
A Bailar Cielo Salvador
67%
Libra Como Así (feat. CNCO)
67%
Esperanza Mia (BODS) Como Haremos
67%
LALI DELUXE Corazón Perdido
67%
Soy Cree en Mí
67%
A Bailar Del Otro Lado
67%
A Bailar Desamor
67%
Libra Eclipse
67%
Libra Enredaos
67%
Esperanza Mia (BODS) Esperanza Mía
67%
Libra Fascinada
67%
UNA HISTORIA IMPORTANTE Fuego en el Fuego
67%
La Conquista del Espacio Gente en la calle (feat. Lali)
67%
Soy Irresistible
67%
Esperanza Mia (BODS) Jurame
67%
Libra Ladrón
67%
Libra LALIGERA
67%
Soy Lejos de Mí
67%
Valiente Lindo Pero Bruto
67%
Polvo de Estrellas Loco un poco
67%
Libra Lo Que Tengo Yo
67%
Esperanza Mia (BODS) Me Muero por Vos
67%
Extasis Total Mil Horas
67%
Para Aventuras y Curiosidades Mi Mala (feat. Becky G, Leslie Grace & Lali) - Remix
67%
Soy Mi Religión
67%
Brava Mi Última Canción (feat. Reik)
67%
Are You Ready? Mueve (feat. Lali)
67%
Esperanza Mia (BODS) Necesito
67%
Noctalgia (Deluxe) Nochentera - Remix
67%
A Bailar No Estoy Sola
67%
Libra No Puedo Olvidarte
67%
Brava OMG!
67%
Libra Pa Que Me Quieras
67%
Single Quiero Todo
67%
Soy Ring Na Na
67%
Brava Salvaje (feat. Abraham Mateo)
67%
Esperanza Mia (BODS) Siempre Brilla el Sol
67%
Brava Sin Querer Queriendo (feat. Mau y Ricky)
67%
Brava Somos Amantes
67%
Single S.O.S
67%
Impulso Soy de Volar
67%
A Bailar Te Siento
67%
Soy Tu Revolución
67%
Brava Tu Sonrisa
67%
Libra Una Esquina en Madrid
67%
Brava Una Na
67%
Soy Único
67%
Brava Vuelve a Mí
67%
ViveRo - Noche de Sueños - (En Vivo) Brilla (feat. Lali & Abel Pintos) - En Vivo
33%
Single Cuando Estoy Con Vos
33%
30 Años Cuanto Antes (feat. Lali)
33%
El Amor en Mi Vida Disparos
33%
EADDA9223 Dos días en la Vida - EADDA9223 (feat. Lali y Nicki Nicole)
33%
Single El Fin del Amor (Canción Oficial de la Serie Original de Amazon Prime )
33%
Esperanza Mia (BODS) El Ritmo del Momento
33%
Darkness to Light Firestarter (feat. Lali)
33%
Esperanza Mia (BODS) Gloria
33%
Single Himno A la Alegría
33%
Single Iguales (feat. Lali & Wisin)
33%
Likes y Cicatrices La Apuesta
33%
Por Cesarea La Carie
33%
De Buenos Aires para el Mundo Las Maravillas de la Vida
33%
Revolution Own The Night (feat. Lali) - Coca-Cola FM
33%
Single Para Dos
33%
Single Prohibido (Remix)
33%
Intimo Extremo - 30 Años Revolución (feat. Lali)
33%
Single Roma - Bangkok (feat. Lali)
33%
Del 13 Al 1 Salta la Comba (feat. Lali)
33%
Single Solo
33%
Esperanza Mia (BODS) Tengo Esperanza
33%
Single Todo A Pulmón
33%
La Neta Una Vez Más
33%
Single Y Dale Alegría a Mi Corazón
33%
No matching quizzes found
Score Distribution
Percent of People with Each Score
Percentile by Number Answered
Your Score History
You have not taken this quiz since the last reset